000 00486nam a2200181Ia 4500
005 20250326130350.0
008 250326s9999 xx 000 0 und d
037 _aTextbook
040 _aFMSL
_beng
_cFMSL
041 _aeng
_2eng
084 _aX:51 L2
_qFMSL
100 _aThomas H
_9115821
245 0 _aDecesion theory & the manager
_cThomas H
260 _aNew Delhi
_bNew Delhi, Pitman
_c1972
300 _a137p
942 _cTB
_hX:51 L2
999 _c1282161
_d1282161